[Event "0MCR_3DE_2L_2S"]
[Site "?"]
[Date "2003.??.??"]
[Round "?"]
[White "Holasek, Pavel"]
[Black "Markytan, Vladislav"]
[Result "0-1"]
[WhiteElo "1800"]
[BlackElo "1900"]
[PlyCount "94"]
[EventDate "2003.??.??"]
[EventType "corr"]
[EventRounds "2"]
[SourceDate "2004.06.03"]

1. e4 e6 2. d4 d5 3. Nc3 Nf6 4. Bg5 Be7 5. e5 Nfd7 6. h4 c5 7. Bxe7 Kxe7 8.
dxc5 Nxe5 9. Qe2 Nec6 10. O-O-O Kf8 11. f4 Nd7 12. Nf3 Qc7 13. Qe3 Ne7 14. g4
Qxc5 15. Nd4 Nc6 16. Bg2 Nxd4 17. Rxd4 Nb6 18. Rhd1 Bd7 19. f5 Rc8 20. fxe6
fxe6 21. Qe5 Kg8 22. Rf1 h6 23. Rff4 Qc7 24. Qxc7 Rxc7 25. Rf2 Bc6 26. Rdf4 Kh7
27. Bf1 e5 28. Bd3+ e4 29. Bb5 g5 30. hxg5 hxg5 31. Rf5 Kg6 32. Rf6+ Kg7 33.
Bxc6 Rh1+ 34. Kd2 Nc4+ 35. Ke2 bxc6 36. R6f5 Rc1 37. Rxg5+ Kh6 38. Rff5 Rxc2+
39. Ke1 Nxb2 40. Ne2 Nd3+ 41. Kf1 Rf7 42. Rh5+ Kg7 43. Rh7+ Kxh7 44. Rxf7+ Kh6
45. Rxa7 c5 46. a4 d4 47. a5 Nc1 0-1

[Event "0MCR_3DE_2L_2S"]
[Site "?"]
[Date "2003.??.??"]
[Round "?"]
[White "Holasek, Pavel"]
[Black "Novak, Vaclav"]
[Result "0-1"]
[WhiteElo "1800"]
[BlackElo "1795"]
[PlyCount "64"]
[EventDate "2003.??.??"]
[EventType "corr"]
[EventRounds "2"]
[SourceDate "2004.06.03"]

1. e4 c5 2. Nf3 d6 3. Bb5+ Bd7 4. Bxd7+ Qxd7 5. O-O Nc6 6. c3 Nf6 7. d4 Nxe4 8.
d5 Ne5 9. Re1 Nf6 10. Nxe5 dxe5 11. c4 O-O-O 12. Nc3 e6 13. Bg5 exd5 14. Nxd5
Qf5 15. Bxf6 gxf6 16. Qa4 Kb8 17. Re3 Rg8 18. Ra3 a6 19. Qa5 Rc8 20. Rb3 Rc6
21. Ne3 Qc8 22. Rd1 Bh6 23. Rd5 Ka7 24. Qd2 f5 25. Rd7 Rc7 26. Rxc7 Qxc7 27.
Qd5 Bxe3 28. fxe3 h5 29. Rd3 h4 30. Qd7 Qa5 31. Rd2 h3 32. g3 f4 0-1

[Event "0MCR_3DE_2L_2S"]
[Site "?"]
[Date "2003.??.??"]
[Round "?"]
[White "Holasek, Pavel"]
[Black "Paukert, Martin"]
[Result "1/2-1/2"]
[WhiteElo "1830"]
[BlackElo "2030"]
[PlyCount "75"]
[EventDate "2003.??.??"]
[EventType "corr"]
[EventRounds "2"]
[SourceDate "2004.06.03"]

1. e4 e5 2. Nf3 Nf6 3. Nc3 Bb4 4. Bc4 O-O 5. O-O Bxc3 6. dxc3 d6 7. Bg5 h6 8.
Bh4 Be6 9. Qe2 Nbd7 10. Nd2 Qe7 11. f3 Nb6 12. Bb3 g5 13. Bf2 Nh5 14. g3 Ng7
15. g4 Bd7 16. Rfd1 Na4 17. Nf1 Ne6 18. Bxa4 Bxa4 19. Ne3 Bc6 20. Nf5 Qf6 21.
Be3 Ng7 22. Ng3 a5 23. c4 b6 24. Kg2 Ne6 25. Nf5 Ng7 26. Ng3 Rfe8 27. Rh1 Ne6
28. h4 Nf4+ 29. Bxf4 exf4 30. Nf5 Bd7 31. hxg5 hxg5 32. Rh6 Qe5 33. Rah1 Bxf5
34. gxf5 Qxf5 35. exf5 Rxe2+ 36. Kf1 Rae8 37. Rh8+ Kg7 38. R8h7+ 1/2-1/2

[Event "0MCR_3DE_2L_2S"]
[Site "?"]
[Date "2003.??.??"]
[Round "?"]
[White "Holasek, Pavel"]
[Black "Pensimus, Petr"]
[Result "1/2-1/2"]
[WhiteElo "1800"]
[BlackElo "1895"]
[PlyCount "31"]
[EventDate "2003.??.??"]
[EventType "corr"]
[EventRounds "2"]
[SourceDate "2004.06.03"]

1. e4 e5 2. Nf3 Nc6 3. Bc4 Nf6 4. d4 exd4 5. O-O Nxe4 6. Re1 d5 7. Bxd5 Qxd5 8.
Nc3 Qa5 9. Nxe4 Be6 10. Bd2 Qd5 11. Bg5 Bd6 12. Bf6 O-O 13. Nxd4 Nxd4 14. Bxd4
Be5 15. Bxe5 Qxe5 16. Nc3 1/2-1/2

[Event "0MCR_3DE_2L_2S"]
[Site "?"]
[Date "2003.??.??"]
[Round "?"]
[White "Markytan, Vladislav"]
[Black "Cakl, Miloslav"]
[Result "1/2-1/2"]
[WhiteElo "1900"]
[BlackElo "1800"]
[PlyCount "94"]
[EventDate "2003.??.??"]
[EventType "corr"]
[EventRounds "2"]
[SourceDate "2004.06.03"]

1. d4 Nf6 2. Nf3 e6 3. g3 d5 4. c4 dxc4 5. Bg2 c5 6. Qa4+ Nc6 7. dxc5 Bxc5 8.
O-O O-O 9. Qxc4 Qd5 10. Nbd2 Qh5 11. Nb3 Be7 12. h3 Rd8 13. g4 Qd5 14. Qxd5
Nxd5 15. Rd1 Bd7 16. e4 Ndb4 17. Bf4 Be8 18. Nbd4 Nxd4 19. Nxd4 Bc5 20. Nb3
Rxd1+ 21. Rxd1 Ba4 22. Rd2 Bb6 23. a3 Nc6 24. Rd3 e5 25. Be3 Bb5 26. Rc3 Bxe3
27. fxe3 Rd8 28. Nc5 Rd1+ 29. Kf2 Nd8 30. Bf3 Rd6 31. Be2 Rd2 32. Nd3 Bxd3 33.
Rxd3 Rxd3 34. Bxd3 b6 35. Bc4 Nb7 36. Bd5 Nd6 37. b4 a5 38. bxa5 bxa5 39. Ke2
Kf8 40. Kd3 Ke7 41. Kc3 Kd8 42. Kb3 Kc7 43. h4 h6 44. Bc4 Kc6 45. Be2 Kc5 46.
Bd3 Ne8 47. Be2 Nf6 1/2-1/2

[Event "0MCR_3DE_2L_2S"]
[Site "?"]
[Date "2003.??.??"]
[Round "?"]
[White "Markytan, Vladislav"]
[Black "Glasberger, Roman"]
[Result "1-0"]
[WhiteElo "1900"]
[BlackElo "1800"]
[PlyCount "80"]
[EventDate "2003.??.??"]
[EventType "corr"]
[EventRounds "2"]
[SourceDate "2004.06.03"]

1. d4 Nf6 2. Nf3 e6 3. g3 d5 4. Bg2 c5 5. O-O Nc6 6. c4 dxc4 7. dxc5 Qxd1 8.
Rxd1 Bxc5 9. Nbd2 c3 10. bxc3 O-O 11. Nb3 Be7 12. Nfd4 Bd7 13. Bg5 Rac8 14. Nb5
Rfd8 15. Nd6 Rb8 16. c4 b6 17. Rd2 Ne5 18. Nb7 Re8 19. c5 Bc6 20. Nd6 Bxg2 21.
Nxe8 Rxe8 22. Kxg2 Ne4 23. Rd4 Nxg5 24. cxb6 axb6 25. h4 Nc6 26. Rf4 b5 27.
hxg5 Bxg5 28. Rg4 Be7 29. Re4 Ra8 30. a4 Bf6 31. Ra2 Kf8 32. Nc1 bxa4 33. Rexa4
Rxa4 34. Rxa4 Ke7 35. e4 Kd7 36. f4 h5 37. Nd3 Be7 38. e5 Kc7 39. Ra8 Bd8 40.
Ra1 Be7 1-0

[Event "0MCR_3DE_2L_2S"]
[Site "?"]
[Date "2003.??.??"]
[Round "?"]
[White "Markytan, Vladislav"]
[Black "Gutman, Petr"]
[Result "1/2-1/2"]
[WhiteElo "1900"]
[BlackElo "2000"]
[PlyCount "69"]
[EventDate "2003.??.??"]
[EventType "corr"]
[EventRounds "2"]
[SourceDate "2004.06.03"]

1. d4 Nf6 2. Nf3 g6 3. c4 Bg7 4. g3 O-O 5. Bg2 d6 6. O-O Nbd7 7. Qc2 e5 8. dxe5
dxe5 9. Rd1 Re8 10. e4 c6 11. b3 Qc7 12. Bb2 b6 13. h3 Bb7 14. a3 Nc5 15. Nc3
Rad8 16. Ng5 Bc8 17. b4 Ne6 18. Nxe6 Bxe6 19. Ne2 Nd7 20. Rd2 Nf8 21. Rad1 Rxd2
22. Rxd2 Rd8 23. Rxd8 Qxd8 24. f4 Qc8 25. c5 Bxh3 26. cxb6 axb6 27. Bxe5 Bxe5
28. fxe5 Bxg2 29. Kxg2 Ne6 30. a4 c5 31. a5 Qa6 32. bxc5 bxa5 33. Nf4 Qc6 34.
Nxe6 fxe6 35. Qd2 1/2-1/2

[Event "0MCR_3DE_2L_2S"]
[Site "?"]
[Date "2003.??.??"]
[Round "?"]
[White "Markytan, Vladislav"]
[Black "Holasek, Pavel"]
[Result "1-0"]
[WhiteElo "1900"]
[BlackElo "1800"]
[PlyCount "53"]
[EventDate "2003.??.??"]
[EventType "corr"]
[EventRounds "2"]
[SourceDate "2004.06.03"]

1. d4 Nf6 2. Nf3 c5 3. c4 cxd4 4. Nxd4 e5 5. Nb5 d5 6. cxd5 Bc5 7. N5c3 O-O 8.
g3 Qb6 9. e3 Bg4 10. f3 Bd7 11. Qe2 e4 12. Nxe4 Nxd5 13. Nxc5 Qxc5 14. Qc4 Qd6
15. Na3 Nc6 16. e4 Ndb4 17. Bf4 Qf6 18. Qc3 Qe7 19. Kf2 Rac8 20. Nc4 Qc5+ 21.
Kg2 Rfd8 22. Nd6 Nd4 23. Nxc8 Rxc8 24. Rd1 Nbc2 25. Qxc5 Rxc5 26. Kf2 f5 27.
Be3 1-0

[Event "0MCR_3DE_2L_2S"]
[Site "?"]
[Date "2003.??.??"]
[Round "?"]
[White "Markytan, Vladislav"]
[Black "Novak, Vaclav"]
[Result "1-0"]
[WhiteElo "1900"]
[BlackElo "2000"]
[PlyCount "27"]
[EventDate "2003.??.??"]
[EventType "corr"]
[EventRounds "2"]
[SourceDate "2004.06.03"]

1. d4 Nf6 2. Nf3 g6 3. c4 Bg7 4. g3 O-O 5. Bg2 d6 6. O-O Nbd7 7. Qc2 e5 8. dxe5
Nxe5 9. Nxe5 dxe5 10. Rd1 Qe7 11. Nc3 c6 12. e4 Be6 13. b3 Rfc8 14. a4 1-0

[Event "0MCR_3DE_2L_2S"]
[Site "?"]
[Date "2003.??.??"]
[Round "?"]
[White "Markytan, Vladislav"]
[Black "Paukert, Martin"]
[Result "1/2-1/2"]
[WhiteElo "1900"]
[BlackElo "2030"]
[PlyCount "95"]
[EventDate "2003.??.??"]
[EventType "corr"]
[EventRounds "2"]
[SourceDate "2004.06.03"]

1. d4 d5 2. Nf3 Nf6 3. c4 dxc4 4. Nc3 a6 5. e3 b5 6. a4 b4 7. Nb1 e6 8. Bxc4
Bb7 9. O-O c5 10. Nbd2 cxd4 11. Nxd4 Nbd7 12. b3 Bd6 13. Bb2 O-O 14. f4 Qe7 15.
Rc1 Rfd8 16. Qe1 Nc5 17. Qg3 Rd7 18. N4f3 Rc7 19. a5 Bd5 20. Rc2 Rac8 21. Rfc1
Bxc4 22. Rxc4 Nd3 23. Bxf6 Qxf6 24. Rd1 Qb2 25. Nd4 Qa2 26. Qf3 Nb2 27. Rxc7
Rxc7 28. Ne4 Nxd1 29. Nxd6 h6 30. Qxd1 Qxa5 31. Qd2 Qa1+ 32. Kf2 a5 33. Nc4 Rc5
34. Ne5 Rc1 35. Ndf3 Rf1+ 36. Ke2 Rh1 37. Qd8+ Kh7 38. Kf2 Rf1+ 39. Kg3 Qd1 40.
Qxd1 Rxd1 41. Nd4 Ra1 42. Kf2 a4 43. bxa4 Rxa4 44. Nd3 g5 45. g3 Kg7 46. Kf3
Ra2 47. h3 Ra4 48. Nb3 1/2-1/2

[Event "0MCR_3DE_2L_2S"]
[Site "?"]
[Date "2003.??.??"]
[Round "?"]
[White "Markytan, Vladislav"]
[Black "Pensimus, Petr"]
[Result "1-0"]
[WhiteElo "1900"]
[BlackElo "1895"]
[PlyCount "63"]
[EventDate "2003.??.??"]
[EventType "corr"]
[EventRounds "2"]
[SourceDate "2004.06.03"]

1. d4 Nf6 2. Nf3 d5 3. c4 e6 4. g3 Be7 5. Nc3 dxc4 6. Qa4+ c6 7. Qxc4 b5 8. Qd3
Ba6 9. Qc2 b4 10. Ne4 Nxe4 11. Qxe4 O-O 12. Bg2 Qd5 13. Qc2 Qa5 14. Nd2 Bf6 15.
Nb3 Qb6 16. Be4 h6 17. Be3 Qb5 18. h4 Qc4 19. Qd2 Rd8 20. g4 Be7 21. g5 h5 22.
Bf4 Qb5 23. g6 f6 24. Qe3 Bb7 25. Qf3 f5 26. Qxh5 Qxe2+ 27. Kxe2 Bf6 28. Bc7
Rd7 29. Nc5 Rf7 30. gxf7+ Kf8 31. Bd6+ Be7 32. Nxe6# 1-0

[Event "0MCR_3DE_2L_2S"]
[Site "?"]
[Date "2003.??.??"]
[Round "?"]
[White "Novak, Vaclav"]
[Black "Cakl, Miloslav"]
[Result "0-1"]
[WhiteElo "1795"]
[BlackElo "1800"]
[PlyCount "90"]
[EventDate "2003.??.??"]
[EventType "corr"]
[EventRounds "2"]
[SourceDate "2004.06.03"]

1. Nf3 Nf6 2. c4 c5 3. Nc3 d5 4. cxd5 Nxd5 5. g3 Nc6 6. Bg2 Nc7 7. d3 e5 8. Nd2
Bd7 9. O-O Be7 10. Nc4 O-O 11. Bxc6 Bxc6 12. Nxe5 Be8 13. f4 b6 14. e4 Qd4+ 15.
Rf2 Rd8 16. Qe2 f6 17. Be3 Qd6 18. Nf3 Qxd3 19. Nd5 Qxe2 20. Nxe7+ Kf7 21. Rxe2
Kxe7 22. Kf2 Bb5 23. Rd2 Bc6 24. Re1 Nb5 25. e5 Rxd2+ 26. Bxd2 f5 27. a4 Nc7
28. a5 Rd8 29. Re2 Bxf3 30. Kxf3 Rd3+ 31. Kf2 Nd5 32. Be1 Rb3 33. axb6 axb6 34.
h3 g5 35. fxg5 f4 36. Bc3 b5 37. gxf4 Nxf4 38. Re3 Ke6 39. h4 b4 40. Bd4 Nd3+
41. Rxd3 Rxd3 42. Bxc5 Rb3 43. Bd6 Rxb2+ 44. Ke1 b3 45. Kd1 Re2 0-1

[Event "0MCR_3DE_2L_2S"]
[Site "?"]
[Date "2003.??.??"]
[Round "?"]
[White "Novak, Vaclav"]
[Black "Glasberger, Roman"]
[Result "0-1"]
[WhiteElo "1795"]
[BlackElo "1800"]
[PlyCount "82"]
[EventDate "2003.??.??"]
[EventType "corr"]
[EventRounds "2"]
[SourceDate "2004.06.03"]

1. Nf3 d5 2. c4 e6 3. g3 Nf6 4. Bg2 Be7 5. O-O O-O 6. d4 dxc4 7. Qc2 a6 8. Qxc4
b5 9. Qc2 Bb7 10. Bg5 Nbd7 11. Rd1 Rc8 12. Nc3 c5 13. dxc5 Rxc5 14. Ne5 Rxe5
15. Bxf6 Bxf6 16. Bxb7 Qc7 17. Be4 h6 18. a3 Rc5 19. Rac1 Bxc3 20. bxc3 Rc8 21.
Rd3 Ne5 22. Rd4 f5 23. Bg2 Rxc3 24. Qxc3 Qxc3 25. Rxc3 Rxc3 26. Bb7 Rxa3 27.
Rd6 Kf7 28. Bc8 a5 29. Bxe6+ Ke7 30. Ra6 b4 31. Bxf5 Nc4 32. Re6+ Kd8 33. Rg6
b3 34. Rxg7 b2 35. Rd7+ Ke8 36. Rb7 a4 37. Kg2 Rb3 38. Ra7 a3 39. h4 Nd6 40.
Bg6+ Kd8 41. Bb1 Nb5 0-1

[Event "0MCR_3DE_2L_2S"]
[Site "?"]
[Date "2003.??.??"]
[Round "?"]
[White "Novak, Vaclav"]
[Black "Gutman, Petr"]
[Result "0-1"]
[WhiteElo "2000"]
[BlackElo "2000"]
[PlyCount "26"]
[EventDate "2003.??.??"]
[EventType "corr"]
[EventRounds "2"]
[SourceDate "2004.06.03"]

1. Nf3 c5 2. c4 Nf6 3. Nc3 e6 4. g3 b6 5. Bg2 Bb7 6. O-O Be7 7. d4 cxd4 8. Qxd4
d6 9. Bg5 a6 10. Bxf6 Bxf6 11. Qf4 Bxf3 12. Qxf3 Ra7 13. Ne4 Be7 0-1

[Event "0MCR_3DE_2L_2S"]
[Site "?"]
[Date "2003.??.??"]
[Round "?"]
[White "Novak, Vaclav"]
[Black "Holasek, Pavel"]
[Result "1-0"]
[WhiteElo "1795"]
[BlackElo "1800"]
[PlyCount "59"]
[EventDate "2003.??.??"]
[EventType "corr"]
[EventRounds "2"]
[SourceDate "2004.06.03"]

1. Nf3 Nf6 2. c4 g6 3. Nc3 Bg7 4. e4 d6 5. d4 O-O 6. Be2 e5 7. O-O Nc6 8. d5
Ne7 9. Bd2 Nh5 10. h3 h6 11. Re1 Nf4 12. Bxf4 exf4 13. Bd3 f5 14. Qd2 g5 15.
exf5 Bxf5 16. Re2 Qd7 17. Rae1 Ng6 18. Nb5 Ne5 19. Bxf5 Nxf3+ 20. gxf3 Qxf5 21.
Re7 Qxh3 22. Qd3 Qf5 23. Qxf5 Rxf5 24. Rxc7 Be5 25. Rxb7 Rf7 26. Rxf7 Kxf7 27.
c5 Re8 28. c6 a6 29. Na7 Re7 30. Rxe5 1-0

[Event "0MCR_3DE_2L_2S"]
[Site "?"]
[Date "2003.??.??"]
[Round "?"]
[White "Novak, Vaclav"]
[Black "Markytan, Vladislav"]
[Result "0-1"]
[WhiteElo "2000"]
[BlackElo "1900"]
[PlyCount "24"]
[EventDate "2003.??.??"]
[EventType "corr"]
[EventRounds "2"]
[SourceDate "2004.06.03"]

1. Nf3 d5 2. c4 e6 3. g3 Nf6 4. Bg2 Be7 5. O-O O-O 6. d4 c6 7. Qc2 b6 8. b3 Bb7
9. Rd1 Na6 10. Bf4 Qc8 11. Nbd2 c5 12. Rac1 cxd4 0-1

[Event "0MCR_3DE_2L_2S"]
[Site "?"]
[Date "2003.??.??"]
[Round "?"]
[White "Novak, Vaclav"]
[Black "Paukert, Martin"]
[Result "0-1"]
[WhiteElo "1795"]
[BlackElo "2030"]
[PlyCount "74"]
[EventDate "2003.??.??"]
[EventType "corr"]
[EventRounds "2"]
[SourceDate "2004.06.03"]

1. Nf3 Nf6 2. c4 e6 3. g3 d5 4. Bg2 dxc4 5. Qa4+ Nbd7 6. Qxc4 c5 7. Qb3 Rb8 8.
d3 Bd6 9. Nbd2 O-O 10. O-O b6 11. Qc2 Bb7 12. b3 Qe7 13. Bb2 Rfd8 14. e3 Nf8
15. Rfd1 Rbc8 16. Nc4 Bc7 17. Nce5 N8d7 18. Nxd7 Rxd7 19. Ne5 Bxe5 20. Bxb7
Rcd8 21. Bxe5 Rxb7 22. Rac1 Rbd7 23. Bb2 Nd5 24. d4 Nb4 25. Qb1 cxd4 26. Rxd4
Rxd4 27. Bxd4 e5 28. Bc3 Nd3 29. Rd1 e4 30. Bd4 Qe6 31. f3 Qf5 32. f4 Rc8 33.
a3 h5 34. Qa2 h4 35. Qg2 h3 36. Qe2 Rc6 37. Bb2 Qc8 0-1

[Event "0MCR_3DE_2L_2S"]
[Site "?"]
[Date "2003.??.??"]
[Round "?"]
[White "Novak, Vaclav"]
[Black "Pensimus, Petr"]
[Result "1/2-1/2"]
[WhiteElo "1795"]
[BlackElo "1895"]
[PlyCount "102"]
[EventDate "2003.??.??"]
[EventType "corr"]
[EventRounds "2"]
[SourceDate "2004.06.03"]

1. Nf3 d5 2. d4 c6 3. c4 dxc4 4. e3 b5 5. a4 e6 6. axb5 cxb5 7. b3 Nd7 8. bxc4
bxc4 9. Bxc4 Bb7 10. O-O Ngf6 11. Ba6 Rb8 12. Bd3 Bd6 13. Rxa7 O-O 14. Ba3 Bxa3
15. Rxa3 e5 16. Be2 Qe7 17. Ra7 e4 18. Nfd2 Rfc8 19. Na3 Bc6 20. Nac4 Bd5 21.
Qa4 Qe6 22. Ra6 Rc6 23. Rxc6 Bxc6 24. Qc2 Bd5 25. Rb1 Ra8 26. Qb2 Rc8 27. Qb4
Ne8 28. Na3 f5 29. Bc4 Nef6 30. Bb5 Nb6 31. Nb3 Bxb3 32. Qxb3 Qxb3 33. Rxb3 Kf7
34. f3 Rc1+ 35. Kf2 g5 36. Be2 Nbd5 37. Nc4 Rc2 38. Rb2 Rc3 39. Ra2 f4 40. Nd6+
Kg6 41. fxe4 fxe3+ 42. Kf3 Nb4 43. Ra4 Nc2 44. Bf1 Ne1+ 45. Ke2 Nd3 46. Ra6 Nb4
47. Ra1 Rc2+ 48. Kxe3 Ng4+ 49. Kf3 Rc3+ 50. Ke2 Rc2+ 51. Kf3 Rc3+ 1/2-1/2

[Event "0MCR_3DE_2L_2S"]
[Site "?"]
[Date "2003.??.??"]
[Round "?"]
[White "Paukert, Martin"]
[Black "Cakl, Miloslav"]
[Result "1-0"]
[WhiteElo "2030"]
[BlackElo "1800"]
[PlyCount "101"]
[EventDate "2003.??.??"]
[EventType "corr"]
[EventRounds "2"]
[SourceDate "2004.06.03"]

1. e4 c5 2. Nf3 d6 3. d4 cxd4 4. Qxd4 Nc6 5. Bb5 a6 6. Bxc6+ bxc6 7. O-O e5 8.
Qd3 f5 9. exf5 Ne7 10. Nh4 Nd5 11. c4 Nb6 12. Nf3 Qf6 13. Qe4 Bd7 14. Re1 Qxf5
15. Qxf5 Bxf5 16. Nxe5 dxe5 17. Rxe5+ Be7 18. Rxf5 Nxc4 19. Nc3 O-O-O 20. Rf4
Nd2 21. Rf7 Rhe8 22. Bxd2 Rxd2 23. Re1 Kd8 24. Rd1 Rxd1+ 25. Nxd1 Bf6 26. Kf1
Bd4 27. b3 Re7 28. Rxe7 Kxe7 29. Ke2 Be5 30. Ne3 h5 31. Kf3 g5 32. h3 Kf6 33.
Ke4 Ke6 34. Nc4 Bc3 35. g4 hxg4 36. hxg4 Kf6 37. f4 gxf4 38. Kxf4 Bd4 39. g5+
Ke6 40. Na5 c5 41. Nb7 Bg1 42. Ke4 Bf2 43. a4 Bg1 44. g6 Bf2 45. g7 Kf7 46. Kd5
Kxg7 47. Nxc5 a5 48. Nb7 Be1 49. Kc5 Kf7 50. Kb6 Ke7 51. Nxa5 1-0

[Event "0MCR_3DE_2L_2S"]
[Site "?"]
[Date "2003.??.??"]
[Round "?"]
[White "Paukert, Martin"]
[Black "Glasberger, Roman"]
[Result "1/2-1/2"]
[WhiteElo "2030"]
[BlackElo "1800"]
[PlyCount "86"]
[EventDate "2003.??.??"]
[EventType "corr"]
[EventRounds "2"]
[SourceDate "2004.06.03"]

1. e4 c5 2. Nf3 e6 3. d4 cxd4 4. Nxd4 a6 5. Bd3 Bc5 6. Nb3 Ba7 7. O-O Nc6 8.
Qe2 d6 9. Be3 Bxe3 10. Qxe3 Nf6 11. c4 O-O 12. Nc3 b6 13. Rfd1 Qc7 14. Rac1 Rb8
15. f4 Bb7 16. Nb5 Qd8 17. Nxd6 Qxd6 18. e5 Qe7 19. exf6 Qxf6 20. Rd2 Rfc8 21.
c5 Nb4 22. cxb6 Rxc1+ 23. Nxc1 Nd5 24. Qe4 g6 25. Ne2 Qd8 26. Qd4 Nxb6 27. Bc2
Qxd4+ 28. Rxd4 Nd5 29. g3 Kf8 30. Kf2 a5 31. Bb3 Nb6 32. Nc3 Ke7 33. Ke3 h6 34.
h4 Bc6 35. Bc4 Nc8 36. Ba6 Nd6 37. Rd2 Nf5+ 38. Kf2 f6 39. b3 g5 40. hxg5 hxg5
41. Bd3 gxf4 42. gxf4 Rd8 43. Ke2 Nd4+ 1/2-1/2

[Event "0MCR_3DE_2L_2S"]
[Site "?"]
[Date "2003.??.??"]
[Round "?"]
[White "Paukert, Martin"]
[Black "Gutman, Petr"]
[Result "1/2-1/2"]
[WhiteElo "2030"]
[BlackElo "2000"]
[PlyCount "62"]
[EventDate "2003.??.??"]
[EventType "corr"]
[EventRounds "2"]
[SourceDate "2004.06.03"]

1. e4 c5 2. Nf3 d6 3. d4 cxd4 4. Qxd4 a6 5. c4 Nc6 6. Qd2 g6 7. Nc3 Bh6 8. Qc2
Bg7 9. Be3 Nf6 10. Be2 O-O 11. O-O Bg4 12. Rad1 Nd7 13. b3 Rc8 14. Nd4 Bxe2 15.
Qxe2 b5 16. Nd5 Nxd4 17. Bxd4 bxc4 18. Bxg7 Kxg7 19. bxc4 e6 20. Ne3 Qb6 21.
Rb1 Qc6 22. Qb2+ f6 23. Qd4 Rb8 24. Rfd1 Rxb1 25. Rxb1 Rb8 26. Rxb8 Nxb8 27. f4
Nd7 28. Kf2 Qc5 29. Nc2 Kf7 30. Qxc5 dxc5 31. Ke3 Ke7 1/2-1/2

[Event "0MCR_3DE_2L_2S"]
[Site "?"]
[Date "2003.??.??"]
[Round "?"]
[White "Paukert, Martin"]
[Black "Holasek, Pavel"]
[Result "1-0"]
[WhiteElo "2030"]
[BlackElo "1800"]
[PlyCount "147"]
[EventDate "2003.??.??"]
[EventType "corr"]
[EventRounds "2"]
[SourceDate "2004.06.03"]

1. e4 c5 2. Nf3 Nf6 3. Nc3 Nc6 4. d4 d5 5. exd5 Nxd5 6. dxc5 Nxc3 7. Qxd8+ Nxd8
8. bxc3 Bd7 9. Be3 f6 10. Nd4 a6 11. f4 e5 12. fxe5 fxe5 13. Nf3 Rc8 14. Nxe5
Bxc5 15. Bxc5 Rxc5 16. Nxd7 Kxd7 17. Bd3 h6 18. Kd2 Rf8 19. Rhf1 Rxf1 20. Rxf1
Kd6 21. Rf5 Rc7 22. c4 Ne6 23. Ke3 Re7 24. Rd5+ Kc7 25. Bf5 Nd8+ 26. Kf4 Nc6
27. a3 Nd8 28. Re5 Rf7 29. Ke4 Nc6 30. Re8 Kd6 31. h4 Kc5 32. h5 Rc7 33. Be6
Nd4 34. Kd3 Nxe6 35. Rxe6 Rd7+ 36. Kc3 Rf7 37. Rg6 Re7 38. a4 Re3+ 39. Kb2 Re7
40. Kb3 Re3+ 41. c3 Re7 42. a5 Rf7 43. g4 Re7 44. g5 hxg5 45. Rxg5+ Kc6 46. Kb4
Rf7 47. Rg6+ Kc7 48. c5 Rf4+ 49. Kb3 Rf7 50. Kc4 Rf4+ 51. Kd3 Rh4 52. Rxg7+ Kc6
53. Rg5 Kb5 54. c6+ Kxc6 55. c4 Kd6 56. Kc3 Rh1 57. Kd4 Rh4+ 58. Kd3 Kc6 59.
Kc3 b6 60. axb6 Kxb6 61. Kb4 Kc7 62. Kc5 a5 63. Rg7+ Kd8 64. Kb6 Rxh5 65. Rg8+
Ke7 66. c5 Rh1 67. c6 Rb1+ 68. Kc7 a4 69. Ra8 Rb4 70. Kc8 Kd6 71. c7 Rc4 72.
Ra6+ Ke7 73. Ra7 Rb4 74. Ra8 1-0

[Event "0MCR_3DE_2L_2S"]
[Site "?"]
[Date "2003.??.??"]
[Round "?"]
[White "Paukert, Martin"]
[Black "Markytan, Vladislav"]
[Result "1/2-1/2"]
[WhiteElo "2030"]
[BlackElo "1900"]
[PlyCount "96"]
[EventDate "2003.??.??"]
[EventType "corr"]
[EventRounds "2"]
[SourceDate "2004.06.03"]

1. e4 e6 2. d4 d5 3. Nc3 Nf6 4. Bg5 Be7 5. e5 Nfd7 6. Bxe7 Qxe7 7. f4 O-O 8.
Nf3 c5 9. dxc5 Nc6 10. Bd3 f6 11. exf6 Qxf6 12. g3 Nxc5 13. O-O Bd7 14. Qd2
Rac8 15. Rae1 Be8 16. Bb5 Nb8 17. Nxd5 Qd8 18. Nc3 Qb6 19. Bxe8 Rfxe8 20. Re3
Qxb2 21. Rb1 Qa3 22. Qe1 Qa6 23. Nb5 Qb6 24. Ne5 Rcd8 25. a4 Nxa4 26. Nc3 Qa6
27. Nxa4 Qxa4 28. Rxb7 Nc6 29. Rc7 Nd4 30. Re4 Qb5 31. Qf2 Qa5 32. Rc4 Nb5 33.
Rc5 Qb6 34. Rb4 Rd2 35. Qxd2 Qxc5+ 36. Kg2 Nd6 37. Rd4 Nf7 38. Nxf7 Kxf7 39.
Qd3 a5 40. Rd7+ Re7 41. Rxe7+ Kxe7 42. Qxh7 Kf7 43. Kf3 a4 44. Qd3 a3 45. Qd7+
Kf6 46. Qd8+ Kg6 47. Qe8+ Kh7 48. Qxe6 Qc3+ 1/2-1/2

[Event "0MCR_3DE_2L_2S"]
[Site "?"]
[Date "2003.??.??"]
[Round "?"]
[White "Paukert, Martin"]
[Black "Novak, Vaclav"]
[Result "1-0"]
[WhiteElo "2030"]
[BlackElo "1795"]
[PlyCount "91"]
[EventDate "2003.??.??"]
[EventType "corr"]
[EventRounds "2"]
[SourceDate "2004.06.03"]

1. e4 c5 2. Nf3 d6 3. d4 cxd4 4. Qxd4 Nc6 5. Bb5 Bd7 6. Bxc6 Bxc6 7. Nc3 Nf6 8.
Bg5 e6 9. O-O-O Be7 10. Rhe1 O-O 11. Qd2 Rc8 12. Nd4 Qa5 13. Kb1 Rfe8 14. f3 a6
15. g4 b5 16. Nd5 Qxd2 17. Nxe7+ Rxe7 18. Rxd2 Bb7 19. Nb3 Rd7 20. Red1 d5 21.
c3 h6 22. Bf4 Ne8 23. h4 Nd6 24. Bxd6 Rxd6 25. f4 Rb6 26. e5 b4 27. cxb4 Rxb4
28. Nd4 Rc3 29. Rd3 Rxd3 30. Rxd3 a5 31. b3 Ba6 32. Rd1 Rb6 33. Kb2 f6 34. Rc1
Kf8 35. Rc7 Bf1 36. Ra7 Bh3 37. g5 hxg5 38. hxg5 fxe5 39. fxe5 a4 40. Rxa4 Kf7
41. Ra8 Kg6 42. a4 Bg4 43. a5 Rb7 44. a6 Rb6 45. a7 Ra6 46. b4 1-0

[Event "0MCR_3DE_2L_2S"]
[Site "?"]
[Date "2003.??.??"]
[Round "?"]
[White "Paukert, Martin"]
[Black "Pensimus, Petr"]
[Result "1-0"]
[WhiteElo "2030"]
[BlackElo "1895"]
[PlyCount "67"]
[EventDate "2003.??.??"]
[EventType "corr"]
[EventRounds "2"]
[SourceDate "2004.06.03"]

1. e4 e5 2. Nf3 Nc6 3. Bb5 a6 4. Ba4 Nf6 5. O-O Be7 6. Re1 b5 7. Bb3 O-O 8. a4
Bb7 9. d3 d6 10. Nbd2 Na5 11. Ba2 bxa4 12. Nf1 Rb8 13. Bd2 Nc6 14. c3 a3 15.
bxa3 d5 16. exd5 Nxd5 17. Ng3 Qd7 18. Qc2 f6 19. d4 exd4 20. cxd4 Na7 21. Rxe7
Qxe7 22. Bb4 Qd7 23. Bxf8 Rxf8 24. Ne4 Bc8 25. Qc5 c6 26. Nc3 Re8 27. Nxd5 cxd5
28. Bxd5+ Kh8 29. Re1 Rxe1+ 30. Nxe1 h5 31. Qf8+ Kh7 32. Qg8+ Kh6 33. Qh8+ Kg6
34. Nd3 1-0

[Event "0MCR_3DE_2L_2S"]
[Site "?"]
[Date "2003.??.??"]
[Round "?"]
[White "Pensimus, Petr"]
[Black "Cakl, Miloslav"]
[Result "0-1"]
[WhiteElo "1895"]
[BlackElo "1800"]
[PlyCount "60"]
[EventDate "2003.??.??"]
[EventType "corr"]
[EventRounds "2"]
[SourceDate "2004.06.03"]

1. e4 c5 2. c3 Nf6 3. e5 Nd5 4. d4 cxd4 5. cxd4 d6 6. Bc4 Nb6 7. Bb5+ Nc6 8. d5
a6 9. Bxc6+ bxc6 10. dxc6 dxe5 11. Qxd8+ Kxd8 12. Be3 Kc7 13. Nd2 Nd5 14. Nc4
f6 15. Rc1 Nb4 16. Ke2 Nxa2 17. Ra1 Be6 18. b3 Nc3+ 19. Kd2 Ne4+ 20. Ke2 Bxc4+
21. bxc4 e6 22. Nf3 Bb4 23. Nd2 Nc3+ 24. Kf3 f5 25. Nb3 Rhb8 26. Nc5 Bxc5 27.
Bxc5 Rb3 28. Ra3 Rxa3 29. Bxa3 Rd8 30. g3 e4+ 0-1

[Event "0MCR_3DE_2L_2S"]
[Site "?"]
[Date "2003.??.??"]
[Round "?"]
[White "Pensimus, Petr"]
[Black "Glasberger, Roman"]
[Result "1/2-1/2"]
[WhiteElo "1895"]
[BlackElo "1800"]
[PlyCount "86"]
[EventDate "2003.??.??"]
[EventType "corr"]
[EventRounds "2"]
[SourceDate "2004.06.03"]

1. e4 c5 2. Nf3 d6 3. Bb5+ Nd7 4. d4 Ngf6 5. Nc3 cxd4 6. Qxd4 e5 7. Qd3 h6 8.
Be3 Be7 9. O-O O-O 10. Rad1 Qc7 11. Rfe1 a6 12. Bc4 Nc5 13. Bxc5 dxc5 14. Nd5
Nxd5 15. exd5 Bd6 16. a3 b5 17. Ba2 Bg4 18. h3 Bh5 19. Rd2 Bg6 20. Qe2 e4 21.
Nh4 Bh7 22. g3 c4 23. c3 Rae8 24. Ng2 Re5 25. Bb1 Rfe8 26. a4 e3 27. Bxh7+ Kxh7
28. Nxe3 Kg8 29. Qf3 Bc5 30. Kh2 Qb7 31. axb5 axb5 32. Rdd1 Qb6 33. Re2 Qd8 34.
Rde1 Qd7 35. Nd1 Rxe2 36. Rxe2 Rxe2 37. Qxe2 Qxd5 38. Qe8+ Bf8 39. Ne3 Qd2 40.
Kg2 Qxb2 41. Nd5 g6 42. Nf6+ Kg7 43. Qe5 Kh8 1/2-1/2